00607 2200193 4500001002100000005001500021035002000036007000300056008004100059100002600100245011400126260004800240020002200288082000800310084001400318300004700332650001800379990001600397INLIS00000000000045120221103124848 a0010-1122000045ta221103 b 1 ind 0 aAdinda Aisya Zukhrufa1 aSeri Cerita Rakyat Nusantara TEMA: Gotong Royong, Solidaritas, dan Kewarganegaraan /cAdinda Aisya Zukhrufa aJakarta :bPusat Perbukuan Depdiknas,c2018 a978-602-427-242-5 a813 a813 ADI s a109 halaman :bilustrasi berwarna ;c21 cm 4aCerita Rakyat a00000000586